BT Kế toán hành chính sự nghiệp

সংরক্ষণ করুন:
গ্রন্থ-পঞ্জীর বিবরন
প্রধান লেখক: Lê Đức Toàn
বিন্যাস: গ্রন্থ
ভাষা:Vietnamese
প্রকাশিত: Giáo dục 2005
ট্যাগগুলো: ট্যাগ যুক্ত করুন
কোনো ট্যাগ নেই, প্রথমজন হিসাবে ট্যাগ করুন!
Thư viện lưu trữ: Mạng thư viện Đại học Đà Nẵng
LEADER 00633nam a2200277 4500
001 000026778
003 804
005 20150325120000.0
008 150325s vm 000 vie
020 |c 16,0000 
040 |a NOTTS 
100 |a Lê Đức Toàn 
245 |a BT Kế toán hành chính sự nghiệp 
260 |b Giáo dục  |c 2005 
300 |a 128tr. ; 
OWN |a LTT 
999 |a From the UDN01 
TYP |a Monograph 
TYP |a Printed language 
980 |a Mạng thư viện Đại học Đà Nẵng